| 000 | 00453nam a22001337a 4500 | ||
|---|---|---|---|
| 003 | SGT | ||
| 082 |
_a617.6342 _bE18K |
||
| 100 | _aGAGANDEEP, KAUR | ||
| 245 | _aTO EVALUATE AND COMPARE INFLUENCE OF TWO DENTIN PRETREATMENT AGENTS ON BONE STRENGTH STABILITY OF ETCH AND RINSE ADHESIVE TO BLEACHED DENTIN AN IN VITRO STUDY | ||
| 260 |
_aDELHI NCR _bSGT UNIVERSITY GURUGRAM _c2018 |
||
| 300 | _a1-80 | ||
| 650 | _aCONSERVATIVE DENTISTRY | ||
| 942 |
_2ddc _cTH |
||
| 999 |
_c17090 _d17090 |
||